TQM ako základ učiacej sa organizácie

Na minha lista:
Detalhes bibliográficos
Autor principal: Mizla, Martin, 1955-
Outros Autores: Hoľanová, Martina
Formato: Capítulo de Livro
Idioma:eslovaco
Tags: Adicionar Tag
Sem tags, seja o primeiro a adicionar uma tag!

MARC

LEADER 00000naa$a2200000$$$4500
001 0060617
005 20240502071655.0
041 0 |a slo 
044 |a SK 
245 1 0 |a TQM ako základ učiacej sa organizácie  |c Martin Mizla, Martina Hoľanová 
100 1 |a Mizla, Martin, 1955- 
700 1 |a Hoľanová, Martina